Category Elimination - American Countries - Statistics

General Stats
  • This quiz has been taken 5,266 times
    4,692 since last reset
  • The average score is 12 of 16
Answer Stats
Group # Category % Correct
Red - fixed 20 American countries in Latin America
100%
Red 14 ... whose flag contains the color red
99%
Red 5 ... and uses Peso as its currency
96%
Green - fixed 24 American countries < 300,000 km2
92%
Yellow 24 American countries bordering others
90%
Yellow 14 ... and has a Pacific coastline
89%
Purple 29 American countries that start with a consonants
86%
Yellow 5 ... its capital has an elevation > 1,000 m
83%
Purple 14 ... has an entirely indigenous name
83%
Green 14 ... with an animal on their coat of arms
82%
Green 5 ... and has played in a FIFA World Cup
72%
Purple 6 ... has had a female leader
71%
Red 1 ... and its name ends in a consonant Dominican Republic
43%
Yellow 1 ... and has a median age < 25 years Guatemala
42%
Green 1 ... with an average elevation < 100 m Trinidad and Tobago
25%
Purple 1 ... and has a name more than 7 letters Jamaica
21%
No matching quizzes found
Score Distribution
Percent of People with Each Score
Percentile by Number Answered
Your Score History
You have not taken this quiz since the last reset